| 000 | 00620cam a2200193 a 4500 | ||
|---|---|---|---|
| 001 | 000018774 | ||
| 005 | 20200929165845.0 | ||
| 008 | 100518s1987 sp a 000 0 spa d | ||
| 020 | _a8433007106 | ||
| 040 |
_aDO-SdBNP _bspa _cBNPHU |
||
| 082 |
_a263.041973 _bM388p |
||
| 100 | 1 |
_aMarty, Martin E. _940499 |
|
| 245 | 1 | 0 |
_aPeregrinos en su propia tierra : _bQuinientos años de religión en América / _cMartin E. Marty. |
| 260 |
_aBilbao, España : _bDesclée de Brouwer, _c1987. |
||
| 300 |
_a376 p. : _bil ; _c23 cm. |
||
| 650 | 4 |
_aPerigrinaciones _940500 |
|
| 650 | 4 |
_aPerigrinaciones cristinas _940501 |
|
| 049 | _aBNGR | ||
| 999 |
_c18294 _d18294 |
||